Tax competition with interregional diferences in factor endowments.
Zisťovanie daňovej konkurencie medzi dvoma regiónmi, ktoré zdaňujú pohyblivý kapitál medzi regiónmi na financovanie niektorých verejných záležitostí. Posudzovanie postavenia rezidentov v malých a veľkých regiónoch (podľa počtu obyv.). Efekty medzinárodného obchodu a miestnej ekonomiky.
Salvato in:
| Autore principale: | |
|---|---|
| Natura: | Capitolo di libro |
| Lingua: | inglese |
| Soggetti: | |
| Tags: |
Nessun Tag, puoi essere il primo ad aggiungerne!!
|
MARC
| LEADER | 00000naa a2200000 4500 | ||
|---|---|---|---|
| 001 | r008964 | ||
| 005 | 20221130103848.1 | ||
| 041 | 0 | |a eng | |
| 044 | |a NL | ||
| 245 | 1 | 0 | |a Tax competition with interregional diferences in factor endowments. |c J.D. Wilson |
| 520 | |a Zisťovanie daňovej konkurencie medzi dvoma regiónmi, ktoré zdaňujú pohyblivý kapitál medzi regiónmi na financovanie niektorých verejných záležitostí. Posudzovanie postavenia rezidentov v malých a veľkých regiónoch (podľa počtu obyv.). Efekty medzinárodného obchodu a miestnej ekonomiky. | ||
| 610 | 2 | 0 | |a regióny |
| 610 | 2 | 0 | |a dane |
| 610 | 2 | 0 | |a konkurencia |
| 610 | 2 | 0 | |a dotácie |
| 610 | 2 | 0 | |a sektor verejný |
| 610 | 2 | 0 | |a hospodárstvo miestne |
| 610 | 2 | 0 | |a pohyb kapitálu |
| 610 | 2 | 0 | |a obchod medzinárodný |
| 610 | 2 | 0 | |a rezidenti |
| 100 | 1 | |a Wilson, J.D. | |